Сетевые структуры в условиях глобализации; Известия Томского политехнического университета [Известия ТПУ]; Т. 316, № 6: Экономика. Философия, социология и культурология
| Parent link: | Известия Томского политехнического университета [Известия ТПУ]/ Томский политехнический университет (ТПУ).— , 2000- Т. 316, № 6: Экономика. Философия, социология и культурология.— 2010.— [С. 105-109] |
|---|---|
| 主要作者: | |
| 其他作者: | |
| 总结: | Заглавие с титульного листа Электронная версия печатной публикации Выполнен философский анализ современных исследований глобализации и сетевых структур в глобальном мире. Проанализировано изменение дискурса по проблеме глобализации в направлении перехода от фрагментарного типа мышления, который доминировал на первом этапе теоретического осмысления глобализации и включал социальную, экономическую, политическую и другие парадигмы, к обобщающей философской парадигме. Представлена концептуализация основных интерпретаций сети и сетевых структур в современном философском анализе. |
| 语言: | 俄语 |
| 出版: |
2010
|
| 丛编: | Философия, социология и культурология |
| 主题: | |
| 在线阅读: | http://www.lib.tpu.ru/fulltext/v/Bulletin_TPU/2010/v316/i6/22.pdf |
| 格式: | 电子 本书章节 |
| KOHA link: | https://koha.lib.tpu.ru/cgi-bin/koha/opac-detail.pl?biblionumber=187729 |
MARC
| LEADER | 00000nla2a2200000 4500 | ||
|---|---|---|---|
| 001 | 187729 | ||
| 005 | 20231031174110.0 | ||
| 035 | |a (RuTPU)RU\TPU\book\203693 | ||
| 035 | |a RU\TPU\book\203656 | ||
| 090 | |a 187729 | ||
| 100 | |a 20101119d2010 k y0rusy50 ca | ||
| 101 | 0 | |a rus | |
| 102 | |a RU | ||
| 135 | |a drnn ---uucaa | ||
| 181 | 0 | |a i | |
| 182 | 0 | |a b | |
| 200 | 1 | |a Сетевые структуры в условиях глобализации |b Электронный ресурс |f Л. А. Коробейникова, А. Ю. Гиль | |
| 203 | |a Текст |c электронный | ||
| 215 | |a 1 файл (58 Кб) | ||
| 225 | 1 | |a Философия, социология и культурология | |
| 230 | |a Электронные текстовые данные (1 файл : 58 Кб) | ||
| 300 | |a Заглавие с титульного листа | ||
| 300 | |a Электронная версия печатной публикации | ||
| 320 | |a [Библиогр.: с. 109 (10 назв.)] | ||
| 330 | |a Выполнен философский анализ современных исследований глобализации и сетевых структур в глобальном мире. Проанализировано изменение дискурса по проблеме глобализации в направлении перехода от фрагментарного типа мышления, который доминировал на первом этапе теоретического осмысления глобализации и включал социальную, экономическую, политическую и другие парадигмы, к обобщающей философской парадигме. Представлена концептуализация основных интерпретаций сети и сетевых структур в современном философском анализе. | ||
| 337 | |a Adobe Reader | ||
| 461 | 1 | |0 (RuTPU)RU\TPU\book\176237 |t Известия Томского политехнического университета [Известия ТПУ] |f Томский политехнический университет (ТПУ) |d 2000- | |
| 463 | 1 | |0 (RuTPU)RU\TPU\book\203561 |x 1684-8519 |t Т. 316, № 6: Экономика. Философия, социология и культурология |v [С. 105-109] |d 2010 |p 243 с. | |
| 610 | 1 | |a глобализация | |
| 610 | 1 | |a глобальное сообщество | |
| 610 | 1 | |a глобальное сетевое общество | |
| 610 | 1 | |a сети | |
| 610 | 1 | |a сетевые структуры | |
| 610 | 1 | |a труды учёных ТПУ | |
| 610 | 1 | |a электронный ресурс | |
| 700 | 1 | |a Коробейникова |b Л. А. |c российский философ |c профессор Томского политехнического университета, доктор философских наук |f 1958- |g Лариса Александровна |2 stltpush |3 (RuTPU)RU\TPU\pers\27135 | |
| 701 | 1 | |a Гиль |b А. Ю. | |
| 801 | 1 | |a RU |b 63413507 |c 20090623 |g PSBO | |
| 801 | 2 | |a RU |b 63413507 |c 20211222 |g PSBO | |
| 856 | 4 | |u http://www.lib.tpu.ru/fulltext/v/Bulletin_TPU/2010/v316/i6/22.pdf | |
| 942 | |c CF | ||